| 000 | 01715nam a2200217Ia 4500 | ||
|---|---|---|---|
| 003 | Ost | ||
| 005 | 20260507075702.0 | ||
| 008 | 260507s9999||||xx |||||||||||||| ||und|| | ||
| 020 | _a9789947030646 | ||
| 040 | _cfsecg | ||
| 041 | _aara | ||
| 082 | _a338.5 | ||
| 100 |
_aبويهي، محمد _eمؤلف |
||
| 245 | 0 |
_aمبادئ الاقتصاد الجزئي : _bتحليل نظري وتطبيقي / _c محمد بويهي |
|
| 250 | _aطبعة 3 | ||
| 260 |
_aالجزائر: _bالبدر الساطع, _c2010 |
||
| 300 |
_a402 صفحة؛ _bجداول، منحنيات بيانية _c24 سم |
||
| 520 | _aيحتوي هذا الكتاب على أربعة أبواب أولها تمثل في نظرية الطلب ومرونته بالإضافة إلى دالة العرض ومرونته، مع نظرية الثمن، الإئتمان في الحياة العملية وأثر تدخل الحكومة في الأسواق، وكذلك نظرية المنفعة الحدية التي تحدث عنها في الباب الثاني، مع نظرية منحنيات السواء بالإضافة إلى أثر الدخل- أثر الإحلال- أثر الثمن. أما في الباب الثالث فعرض لنا نظرية الانتاج ونظرية تكاليف الانتاج- نفقات الانتاج-. مع نظرية الايرادات.أما الباب الرابع والأخير فقد حدثنا عن توازن المؤسسة في سوق المنافسة التامة وتوازنها في سوق الاحتكار الكامل مع المنافسة الاحتكارية والاحتكار المتعدد واحتكار القلة. | ||
| 653 | _aالإقتصاد الجزئي | ||
| 942 | _cكتاب | ||
| 999 |
_c45850 _d45850 |
||